000 01627nam2a22002411 4500
001 RU\NLR\INFOCOMM7\1000064632
005 20250617132246.0
035 _a(NLR Aleph) 002627648
090 _a3671559
_c3671559
100 _a20040902d1972 |||y0rusy50 ca
101 0 _arus
102 _aRU
105 _ay |||||||||
200 1 _aПрименение алюминиевого сплава 01915 в вагоностроении
210 _d1972
_aБ. м.
461 0 _1001RU\NLR\INFOCOMM7\1000064619
_12001#$a[Применение электрических, электрохимических и физических методов обработки металлов и деталей]$i[Тема]14$fМ-во тяжелого, энергет. и трансп. машиностроения. Науч.-исслед. ин-т информации по тяжелому, энергет. и трансп. машиностроению. НИИИНФОРМТЯЖМАШ$v1971, 4
_93671457
_cМ.
_d1965-1974
_fМ-во тяжелого, энергет. и трансп. машиностроения. Науч.-исслед. ин-т информации по тяжелому, энергет. и трансп. машиностроению. НИИИНФОРМТЯЖМАШ
_i[Тема] 14
_t[Применение электрических, электрохимических и физических методов обработки металлов и деталей]
_v1971, 4
801 1 _aRU
_bInfoComm
_c20040902
801 0 _aRU
_bNLR
_gPSBO
852 _aNLR
_jП10/3479
942 _cISSUE
980 _aNB
980 _aRUSPER